[Event "37th World Junior Girls"]
[Site "New Delhi IND"]
[Date "2019.10.16"]
[Round "2.26"]
[White "Obregon Garcia, Roxangel"]
[Black "Toshali, V"]
[Result "0-1"]
[WhiteTitle "WFM"]
[WhiteElo "2267"]
[BlackElo "1868"]
[WhiteFideId "3520420"]
[BlackFideId "5072611"]
[EventDate "2019.10.15"]

1. e4 Nc6 2. Nf3 d6 3. d4 Nf6 4. Nc3 Bg4 5. Be3 e5 6. d5 Ne7 7. a4 Ng6 8. h3 Bd7
9. Nd2 c6 10. a5 cxd5 11. exd5 Be7 12. Nc4 O-O 13. Qd2 Nh5 14. g3 f5 15. Be2 Nf6
16. h4 Ne8 17. h5 Nh8 18. f4 Nf7 19. O-O-O b5 20. axb6 axb6 21. Bxb6 Ra1+ 22.
Nb1 Qa8 23. Qb4 Nf6 24. fxe5 Nxd5 25. Qb3 Nxb6 0-1

[Event "37th World Junior Girls"]
[Site "New Delhi IND"]
[Date "2019.10.16"]
[Round "2.27"]
[White "Di Benedetto, Desiree"]
[Black "Tsotsonava, Elene"]
[Result "0-1"]
[WhiteTitle "FM"]
[WhiteElo "2235"]
[BlackElo "1905"]
[WhiteFideId "875813"]
[BlackFideId "13615939"]
[EventDate "2019.10.15"]

1. d4 d5 2. Nf3 c5 3. g3 cxd4 4. Nxd4 e5 5. Nb3 Nf6 6. Bg2 Nc6 7. O-O Be6 8. Bg5
Be7 9. Nc3 d4 10. Bxf6 gxf6 11. Ne4 f5 12. Nec5 Bxb3 13. Nxb3 Rg8 14. Qd3 Qd7
15. Qb5 a6 16. Qb6 Rc8 17. c3 Bd8 18. Bxc6 Rxc6 19. Qb4 f4 20. Nd2 Qh3 21. Qxb7
Rgg6 22. Rfc1 Rh6 23. Nf1 e4 24. cxd4 f3 25. exf3 exf3 26. Re1+ Kf8 27. Qb4+ Kg7 0-1

[Event "37th World Junior Girls"]
[Site "New Delhi IND"]
[Date "2019.10.16"]
[Round "2.29"]
[White "Harshini, A"]
[Black "Levitan, Ronit"]
[Result "1/2-1/2"]
[WhiteTitle "WFM"]
[BlackTitle "WCM"]
[WhiteElo "2230"]
[BlackElo "1893"]
[WhiteFideId "25008986"]
[BlackFideId "2815109"]
[EventDate "2019.10.15"]

1. e4 e5 2. Nf3 Nc6 3. Bb5 a6 4. Ba4 Nf6 5. O-O Nxe4 6. d4 b5 7. Bb3 d5 8. dxe5
Be6 9. c3 Bc5 10. Nbd2 O-O 11. Bc2 Nxf2 12. Rxf2 f6 13. exf6 Bxf2+ 14. Kxf2 Qxf6
15. Kg1 Rad8 16. Qe1 Rde8 17. Qh4 Qxh4 18. Nxh4 g5 19. Nhf3 g4 20. Nh4 Bd7 21.
h3 Re1+ 22. Kh2 Rf2 23. Rb1 Rxc1 24. Rxc1 Rxd2 25. hxg4 Bxg4 26. Kg3 Bd7 27. Nf3
Re2 28. Bd3 Re3 29. Bb1 Kg7 30. Rd1 Ne7 31. Kf2 Re6 32. b3 c5 33. g4 h6 34. Nh4
Rf6+ 35. Kg3 Re6 36. Kf4 Bc6 37. Nf5+ Nxf5 38. gxf5 Re2 39. Rg1+ Kf7 40. Rg6 Be8
41. Rxh6 Re1 42. Bc2 Rc1 43. Bd3 c4 44. Be2 Kg7 45. Rxa6 Rxc3 46. Bf3 Rd3 47.
bxc4 bxc4 48. Bg4 Rd4+ 49. Kg5 c3 50. f6+ Kf8 51. Bf5 Rc4 52. Bc2 d4 53. Rd6 Rb4
54. Rd8 Rb2 55. Ba4 Re2 56. Bxe8 Rxe8 57. Rxd4 Rc8 58. Kg6 c2 59. Rh4 Ke8 60.
Rh8+ Kd7 61. Rxc8 Kxc8 62. f7 c1=Q 1/2-1/2

[Event "37th World Junior Girls"]
[Site "New Delhi IND"]
[Date "2019.10.16"]
[Round "2.31"]
[White "Chitlange, Sakshi"]
[Black "Ghosh, Samriddhaa"]
[Result "1-0"]
[WhiteTitle "WIM"]
[WhiteElo "2175"]
[BlackElo "1867"]
[WhiteFideId "35002899"]
[BlackFideId "5094003"]
[EventDate "2019.10.15"]

1. d4 d5 2. Bf4 Nf6 3. e3 e6 4. Nf3 Bd6 5. Bg3 O-O 6. Nbd2 c5 7. c3 Nc6 8. Bb5
Ne7 9. Bd3 Nf5 10. Be5 c4 11. Bc2 Ng4 12. e4 dxe4 13. Bxe4 Bxe5 14. Nxe5 Nxe5
15. dxe5 Qc7 16. Nf3 Bd7 17. Qe2 Ba4 18. O-O Rfd8 19. Rfe1 Rac8 20. Bxf5 exf5
21. Nd4 Bd7 22. Rad1 a6 23. h4 Be6 24. Qf3 g6 25. h5 Qe7 26. Qf4 Kg7 27. Rd2 Rc7
28. Rde2 Rcd7 29. Re3 Kg8 30. Rg3 Kh8 31. hxg6 fxg6 32. Qh6 Rg8 33. Rh3 Qf7 34.
Re2 Re7 35. Qg5 Rge8 36. Qf6+ Qg7 37. Qg5 Qf7 38. f4 Qg7 39. Kf2 Bd5 40. Re1 Bg8
41. Reh1 Bd5 42. Rh6 Kg8 43. Rxh7 Qxh7 44. Rxh7 Kxh7 45. Qh4+ Kg8 46. Qf6 Kh7
47. g4 fxg4 48. f5 gxf5 49. Qxf5+ Kh6 50. Qf6+ Kh7 51. Nf5 Rf7 52. Qh6+ Kg8 53.
Qg6+ Kf8 54. Qh6+ Kg8 55. Qg6+ Kf8 56. Kg3 Be6 57. Nd4 Bd7 58. e6 Rg7 59. Qf6+
Kg8 60. Nf5 Rh7 61. Qg6+ 1-0

[Event "37th World Junior Girls"]
[Site "New Delhi IND"]
[Date "2019.10.16"]
[Round "2.34"]
[White "Ortiz Verdezoto, Anahi"]
[Black "Noshin, Anjum"]
[Result "0-1"]
[WhiteTitle "WIM"]
[BlackTitle "WFM"]
[WhiteElo "2055"]
[BlackElo "1793"]
[WhiteFideId "3614581"]
[BlackFideId "10218564"]
[EventDate "2019.10.15"]

1. d4 d5 2. c4 c6 3. cxd5 cxd5 4. Nf3 Nf6 5. Nc3 e6 6. Bf4 Bd6 7. Bxd6 Qxd6 8.
e3 a6 9. a3 Nbd7 10. Qb3 O-O 11. h3 b6 12. Bd3 Bb7 13. O-O Ne4 14. Rac1 f5 15.
Ne2 Rac8 16. Qb4 h6 17. Qxd6 Nxd6 18. Nf4 Kf7 19. Be2 g5 20. Nd3 Rxc1 21. Rxc1
Rc8 22. Ra1 Ke7 23. a4 Ne4 24. a5 bxa5 25. Rxa5 g4 26. hxg4 fxg4 27. Nfe1 h5 28.
Ra1 Nd6 29. Nf4 Nf6 30. Ned3 Rc2 31. Bd1 Rd2 32. Rc1 Nfe4 33. Ba4 h4 34. Rc7+
Kf6 35. Rh7 g3 36. fxg3 hxg3 37. Rh6+ Kg7 38. Rxe6 Bc6 39. Bb3 Bb5 40. Re7+ Kh6
41. Ne5 Rxb2 42. Ng4+ Kg5 43. Rg7+ Kf5 44. Nh6+ Kf6 45. Rg6+ Ke7 46. Nxd5+ Kd8
47. Rg8+ Be8 48. Bd1 Rb1 49. Kf1 Rxd1+ 50. Ke2 Rd2+ 51. Kf3 Rf2+ 52. Kg4 Nf6+
53. Nxf6 Rxf6 54. Rh8 Kc7 55. e4 Bd7+ 56. Kxg3 Nxe4+ 57. Kh2 Rf4 58. Kg1 Ng3 59.
d5 Ne2+ 0-1

[Event "37th World Junior Girls"]
[Site "New Delhi IND"]
[Date "2019.10.16"]
[Round "2.40"]
[White "Mirza, Diana"]
[Black "Shivika, Rohilla"]
[Result "1/2-1/2"]
[WhiteTitle "WFM"]
[WhiteElo "1986"]
[BlackElo "1721"]
[WhiteFideId "2503999"]
[BlackFideId "45015414"]
[EventDate "2019.10.15"]

1. e4 e5 2. Nf3 Nc6 3. Nc3 Nf6 4. g3 Be7 5. Bg2 O-O 6. O-O d6 7. d3 Be6 8. h3 h6
9. d4 exd4 10. Nxd4 Nxd4 11. Qxd4 Qc8 12. Kh2 Nd7 13. Nd5 Bxd5 14. exd5 Bf6 15.
Qg4 Ne5 16. Qh5 Nc4 17. Rb1 Re8 18. b3 Nb6 19. c4 Re5 20. Qf3 Nd7 21. Be3 Re7
22. Rfc1 b6 23. b4 Rb8 24. Qg4 Ne5 25. Qxc8+ Rxc8 26. c5 dxc5 27. bxc5 Nd3 28.
Rc4 Nxc5 29. Bxc5 bxc5 30. Rxc5 Bd4 31. Rc2 Rce8 32. Bf1 Re1 33. Rxe1 Rxe1 34.
Bd3 Bb6 35. d6 Re8 36. Bb5 Rd8 37. d7 g6 38. Bc6 Bd4 39. Rc4 Bf6 40. Ra4 Kf8 41.
Rxa7 Be5 42. f4 Bd6 43. a4 Ke7 44. a5 Bb4 45. Ra6 Bc5 46. Kg2 h5 47. Kf3 Rb8 48.
Ba4 Bg1 49. g4 hxg4+ 50. Kxg4 Be3 51. Kf3 Bxf4 52. Bc6 Bd6 53. Ra7 Bc5 54. Rxc7
Kd8 55. Rb7 Rxb7 56. Bxb7 Kxd7 57. Kf4 f6 58. h4 g5+ 59. Ke4 1/2-1/2

[Event "37th World Junior Girls"]
[Site "New Delhi IND"]
[Date "2019.10.16"]
[Round "2.47"]
[White "Ananya, Suresh"]
[Black "Djuric, Anja"]
[Result "1-0"]
[WhiteTitle "WCM"]
[WhiteElo "1896"]
[BlackElo "1493"]
[WhiteFideId "25004450"]
[BlackFideId "14406969"]
[EventDate "2019.10.15"]

1. e4 c6 2. d4 d5 3. Nd2 dxe4 4. Nxe4 Bf5 5. Ng3 Bg6 6. h4 h5 7. Nf3 e6 8. Bd3
Bxd3 9. Qxd3 Nf6 10. Bd2 Nbd7 11. O-O-O Qc7 12. Ne4 O-O-O 13. Neg5 Nc5 14. Qe2
Na4 15. Qc4 b5 16. Qb3 Bd6 17. g3 Ng4 18. Rhf1 Rhf8 19. c4 e5 20. c5 Be7 21.
Nxf7 Rd5 22. N7xe5 Nxe5 23. Nxe5 Nxc5 24. Qe3 Ne6 25. Ng6 Rf6 26. Nxe7+ Qxe7 27.
Qe4 Qd7 28. Be3 Rf8 29. Rd2 Re8 30. Qc2 Kb7 31. Rfd1 Rd8 32. Kb1 a6 33. Qc3 Rc8
34. Rd3 Kb6 35. f3 Kb7 36. Bf2 Qf7 37. Qe1 Qf5 38. Qe4 Rcd8 39. Re1 Nc7 40. Qxf5
Rxf5 41. Re7 g6 42. Rg7 Rf6 43. Be1 Kc8 44. Ba5 Rd7 45. Rxd7 Kxd7 46. Bxc7 Kxc7
47. Kc2 Kd6 48. Re3 Kd5 49. Kd3 a5 50. Re5+ Kd6 51. Ke4 Rf8 52. f4 Rg8 53. Kf3
a4 54. f5 g5 55. hxg5 Rxg5 56. f6 Rg8 57. Rxh5 Rf8 58. Rf5 Ke6 59. g4 Kf7 60. g5
Kg6 61. Rc5 Rd8 62. Rxc6 Rxd4 63. Rc7 Kxg5 64. f7 Rf4+ 65. Ke3 Rf6 66. Kd4 Kg6
67. Rc6 Kxf7 68. Rxf6+ Kxf6 69. Kc5 a3 70. b3 Ke5 71. Kxb5 Kd6 72. Kb4 Kc6 73.
Kxa3 Kb5 74. Kb2 Ka5 75. Kc3 Kb5 76. a4+ Ka5 77. Kc4 Ka6 78. Kc5 Kb7 79. Kb5 Ka7
80. Kc6 1-0

[Event "37th World Junior Girls"]
[Site "New Delhi IND"]
[Date "2019.10.17"]
[Round "3.8"]
[White "Vaishali, R"]
[Black "Sapale, Saloni"]
[Result "1-0"]
[WhiteTitle "WGM"]
[BlackTitle "WIM"]
[WhiteElo "2385"]
[BlackElo "2142"]
[WhiteFideId "5091756"]
[BlackFideId "5085527"]
[EventDate "2019.10.15"]

1. e4 e6 2. d4 d5 3. Nd2 dxe4 4. Nxe4 Bd7 5. Nf3 Bc6 6. Bd3 Nd7 7. O-O Ngf6 8.
Ng3 Bxf3 9. Qxf3 c6 10. Re1 Be7 11. b3 O-O 12. Bb2 Re8 13. c4 Bf8 14. Rad1 Qb6
15. Ne4 Be7 16. Qh3 g6 17. Ng5 Bf8 18. Re3 Bg7 19. Qh4 Rad8 20. Rde1 Nf8 21. Bc2
N8d7 22. Bc3 Qc7 23. Rh3 Nf8 24. Nf3 Qe7 25. Qf4 Nh5 26. Qe3 Qc7 27. Rxh5 gxh5
28. Qg5 Ng6 29. Qxh5 Qe7 30. Ng5 Nf8 31. Bxh7+ Nxh7 32. Qxh7+ Kf8 33. Qh5 c5 34.
Re3 cxd4 35. Bb4 dxe3 36. Qxf7# 1-0

[Event "37th World Junior Girls"]
[Site "New Delhi IND"]
[Date "2019.10.17"]
[Round "3.9"]
[White "Priyanka, K"]
[Black "Assaubayeva, Bibisara"]
[Result "0-1"]
[BlackTitle "FM"]
[WhiteElo "2173"]
[BlackElo "2381"]
[WhiteFideId "5082986"]
[BlackFideId "13708694"]
[EventDate "2019.10.15"]

1. e4 e5 2. Nf3 Nc6 3. Bb5 a6 4. Ba4 Nf6 5. O-O Be7 6. Re1 b5 7. Bb3 d6 8. c3
O-O 9. d4 Bg4 10. d5 Na5 11. Bc2 c6 12. h3 Bc8 13. dxc6 Qc7 14. Nbd2 Qxc6 15.
Nf1 Nc4 16. a4 Be6 17. Ng3 Rfc8 18. Nh4 g6 19. Qe2 Na5 20. Bg5 Qb7 21. axb5 axb5
22. b4 Nc4 23. Bd3 Ne8 24. Bxe7 Qxe7 25. Nf3 Ra7 26. Nd2 Rac7 27. Rec1 Qg5 28.
Nxc4 Bxc4 29. Nf1 Nf6 30. Ne3 Be6 31. Bxb5 Nxe4 32. c4 Rb8 33. Rc2 Bxh3 34. Qf3
Bf5 35. Nd5 Rcc8 36. Re2 Nd2 37. Qc3 Rxb5 38. Rxd2 Rxd5 39. Rxd5 Be4 40. Qh3
Rxc4 41. Rxd6 Bxg2 42. Qe3 Rf4 43. Qg3 Rg4 44. Kxg2 h5 45. Kh2 Rxg3 46. fxg3 h4
47. Rg1 hxg3+ 48. Rxg3 Qh4+ 49. Rh3 Qxb4 50. Rd8+ Kg7 51. Rdh8 f5 52. Rc8 Qb2+
53. Kg1 f4 54. Rhc3 e4 55. R8c7+ Kh6 56. Rc2 Qd4+ 57. Kh1 f3 58. Rh2+ Kg5 59.
Rc1 e3 60. Rg1+ Kf5 61. Rh3 Qe4 0-1

[Event "37th World Junior Girls"]
[Site "New Delhi IND"]
[Date "2019.10.17"]
[Round "3.10"]
[White "Narva, Mai"]
[Black "Olde, Margareth"]
[Result "1/2-1/2"]
[WhiteTitle "WIM"]
[BlackTitle "WFM"]
[WhiteElo "2378"]
[BlackElo "2205"]
[WhiteFideId "4500512"]
[BlackFideId "4503082"]
[EventDate "2019.10.15"]

1. e4 e5 2. Nf3 Nc6 3. Bb5 a6 4. Ba4 Nf6 5. O-O Be7 6. Re1 b5 7. Bb3 d6 8. c3
O-O 9. h3 Nb8 10. d4 Nbd7 11. Nbd2 c5 12. Nf1 Re8 13. Ng3 Bf8 14. Bc2 cxd4 15.
cxd4 exd4 16. Nxd4 d5 17. exd5 Rxe1+ 18. Qxe1 Bb7 19. Ngf5 Bxd5 20. Bf4 Qb6 21.
Qd2 Ne4 22. Qd3 Ndf6 23. Re1 Rd8 24. Be5 g6 25. Ne3 Ba8 26. Rd1 Bd6 27. Nb3 Rd7
28. Bd4 Qc6 29. Qe2 Bf4 30. Bxe4 Nxe4 31. Rc1 Qd6 32. Rc8+ Rd8 33. Rxd8+ Qxd8
34. Qf3 Bg5 35. Ng4 Nd2 36. Qc3 Nxb3 37. axb3 Qd5 38. Qc8+ Qd8 39. Nh6+ Kf8 40.
Qc5+ Qe7 41. Qc8+ Qd8 42. Qc5+ Qe7 43. Qc8+ Qd8 1/2-1/2

[Event "37th World Junior Girls"]
[Site "New Delhi IND"]
[Date "2019.10.17"]
[Round "3.12"]
[White "Antova, Gabriela"]
[Black "Blazeka, Mihaela"]
[Result "1-0"]
[WhiteTitle "FM"]
[BlackTitle "WFM"]
[WhiteElo "2318"]
[BlackElo "2109"]
[WhiteFideId "2915235"]
[BlackFideId "14528576"]
[EventDate "2019.10.15"]

1. d4 Nf6 2. c4 e6 3. Nf3 b6 4. g3 Bb7 5. Bg2 Be7 6. O-O O-O 7. Nc3 Ne4 8. Bd2
d6 9. d5 Nxc3 10. Bxc3 Bf6 11. Rc1 Bxc3 12. Rxc3 Qe7 13. Re1 Nd7 14. e4 e5 15.
Qb1 a5 16. b3 g6 17. a3 Rfb8 18. Rec1 Nc5 19. b4 Na6 20. Ne1 Bc8 21. Nd3 Bd7 22.
Qc2 Qe8 23. f4 f6 24. Qf2 Qe7 25. Rb3 Kg7 26. Rcb1 Qd8 27. bxa5 bxa5 28. c5 Rxb3
29. Rxb3 Rb8 30. Qb2 Rxb3 31. Qxb3 Qb8 32. Qxb8 Nxb8 33. cxd6 cxd6 34. Nb2 Bb5
35. Bf1 Bxf1 36. Kxf1 Nd7 37. Nc4 Nc5 38. Nxd6 Kf8 39. fxe5 fxe5 40. Nc4 Nxe4
41. Nxa5 Nd2+ 42. Ke2 Nb1 43. Nc4 Nc3+ 44. Kd3 Nxd5 45. Nxe5 Ke7 46. Kd4 Ke6 47.
a4 Nc7 48. Nd3 Kd6 49. Nc5 Kc6 50. Ne4 Nd5 51. Ng5 Nf6 52. h3 h6 53. Ne4 Nd5 54.
Ke5 Ne3 55. Kf6 Kd5 56. Nf2 Nf5 57. Nh1 Ke4 58. Kxg6 Nd4 59. Kxh6 Kf3 60. g4 1-0

[Event "37th World Junior Girls"]
[Site "New Delhi IND"]
[Date "2019.10.17"]
[Round "3.15"]
[White "Yakubbaeva, Nilufar"]
[Black "Gomez Barrera, Javiera Belen"]
[Result "1/2-1/2"]
[BlackTitle "WIM"]
[WhiteElo "2281"]
[BlackElo "2033"]
[WhiteFideId "14204487"]
[BlackFideId "3418723"]
[EventDate "2019.10.15"]

1. d4 Nf6 2. Bf4 g6 3. Nc3 d5 4. f3 Bg7 5. Qd2 O-O 6. O-O-O c5 7. dxc5 Nc6 8.
Bh6 Qa5 9. Bxg7 Kxg7 10. e3 e5 11. Kb1 Qxc5 12. g4 Be6 13. g5 Nh5 14. Nge2 Rfd8
15. Ng3 d4 16. Nxh5+ gxh5 17. Ne4 Qd5 18. b3 dxe3 19. Qxd5 Bxd5 20. Re1 Nd4 21.
Be2 Rac8 22. c4 Bxe4+ 23. fxe4 Nxe2 24. Rxe2 Rd2 25. Rxd2 exd2 26. Kc2 Rd8 27.
Rd1 Rd4 28. Rxd2 Rxe4 29. Rd7 Re2+ 30. Kd3 Rxh2 31. Rxb7 Rxa2 32. c5 Ra1 33. Re7
Re1 34. Rxa7 h4 35. Ra4 Rc1 36. b4 h3 37. Ra2 Kg6 38. Rh2 Kxg5 39. Rxh3 h5 40.
Rh2 h4 41. Ke4 Kg4 42. Kxe5 Kg3 43. Rb2 h3 44. Kd6 h2 45. Rxh2 Kxh2 46. b5 f5
47. c6 f4 48. b6 f3 49. b7 f2 50. b8=Q f1=Q 51. Qh8+ Kg1 52. Qg7+ Qg2 53. Qxg2+
Kxg2 54. c7 Rxc7 55. Kxc7 1/2-1/2

[Event "37th World Junior Girls"]
[Site "New Delhi IND"]
[Date "2019.10.17"]
[Round "3.17"]
[White "Diakonova, Ekaterina"]
[Black "Eesha, Ajay Sarda"]
[Result "1/2-1/2"]
[WhiteElo "2231"]
[BlackElo "1744"]
[WhiteFideId "24172936"]
[BlackFideId "35028677"]
[EventDate "2019.10.15"]

1. e4 Nf6 2. e5 Nd5 3. c4 Nb6 4. d4 d6 5. exd6 cxd6 6. Nc3 g6 7. Be3 Bg7 8. Rc1
O-O 9. b3 e5 10. dxe5 dxe5 11. Qxd8 Rxd8 12. c5 N6d7 13. Bc4 Nc6 14. Nf3 Na5 15.
Bd5 Nf6 16. Bg5 Bf5 17. Bxf6 Bxf6 18. O-O Nc6 19. Rfd1 Rab8 20. h3 Nd4 21. b4
Rd7 22. b5 Rc8 23. Nxd4 exd4 24. c6 bxc6 25. bxc6 Rdd8 26. Ne4 Bg7 27. g4 Rxd5
28. gxf5 gxf5 29. Ng3 f4 30. Ne4 f5 31. Ng5 Rd6 32. Nf3 Rcxc6 33. Rxc6 Rxc6 34.
Kf1 Kf7 35. Rd2 Rd6 36. Ke2 Bf6 37. Kd3 Ke6 38. Rc2 Kd7 39. Rc4 Ra6 40. a4 Rd6
41. Rc5 Ke6 42. Nd2 Ra6 43. a5 Be7 44. Nb3 Kf6 45. Rc7 h6 46. Rd7 Bb4 47. Rxd4
Bxa5 48. Nxa5 Rxa5 49. Rxf4 Kg5 1/2-1/2

[Event "37th World Junior Girls"]
[Site "New Delhi IND"]
[Date "2019.10.17"]
[Round "3.19"]
[White "Jain, Nityata"]
[Black "Tsolakidou, Stavroula"]
[Result "0-1"]
[WhiteTitle "WFM"]
[BlackTitle "IM"]
[WhiteElo "2029"]
[BlackElo "2431"]
[WhiteFideId "35071289"]
[BlackFideId "4264312"]
[EventDate "2019.10.15"]

1. e4 c5 2. Nf3 e6 3. b3 a6 4. Bb2 Nc6 5. c4 Qc7 6. g3 Nf6 7. e5 Ng4 8. Qe2 b5
9. Bh3 h5 10. Na3 Bb7 11. O-O Nd4 12. Nxd4 cxd4 13. Bg2 Bxg2 14. Kxg2 Bxa3 15.
Bxa3 Nxe5 16. Rfe1 Nc6 17. Qe4 b4 18. Bxb4 d5 19. Qxd5 Rd8 20. Qc5 Qb7 21. Ba3
Ne5+ 22. Kf1 Nd3 23. Qg5 Nxe1 24. Rxe1 Qh1+ 25. Ke2 d3+ 26. Kd1 Qf3+ 27. Kc1 Qf6
28. Qxf6 gxf6 29. h4 Rg8 30. Bb2 Ke7 31. Ba3+ Kd7 32. Re3 Ke8 33. Kb2 f5 34. f4
Rd7 35. Bc5 Kd8 36. Kc3 Kc7 37. b4 Kb7 38. a4 Rc8 39. a5 Kc6 40. Re5 Re8 41. Bd4
Rg8 42. Bf2 Re8 43. Bd4 Rg8 44. Bf2 Re8 45. b5+ Kb7 46. Rc5 Rd6 47. Kb4 f6 48.
bxa6+ Rxa6 49. Bd4 Rg8 50. Bxf6 Rxg3 51. Rb5+ Ka8 52. Be5 Rg8 53. Rb6 Rxb6+ 54.
axb6 Kb7 55. Kc5 Rg2 56. Kb5 Rxd2 57. c5 Rc2 58. Kb4 0-1

[Event "37th World Junior Girls"]
[Site "New Delhi IND"]
[Date "2019.10.17"]
[Round "3.20"]
[White "Cosme Contreras, Trilce"]
[Black "Potapova, Margarita"]
[Result "0-1"]
[WhiteTitle "WIM"]
[BlackTitle "WFM"]
[WhiteElo "2027"]
[BlackElo "2377"]
[WhiteFideId "3819620"]
[BlackFideId "14126869"]
[EventDate "2019.10.15"]

1. d4 Nf6 2. c4 e6 3. Nc3 Bb4 4. e3 O-O 5. Bd3 d5 6. Ne2 c5 7. a3 Bxc3+ 8. bxc3
dxc4 9. Bxc4 Qc7 10. Bb3 b6 11. O-O Ba6 12. Re1 Nc6 13. Nf4 e5 14. Nd5 Nxd5 15.
Bxd5 Rad8 16. Bxc6 Qxc6 17. Bb2 e4 18. Rc1 c4 19. f3 exf3 20. Qxf3 Qb5 21. Rc2
f5 22. Rf2 Qd7 23. Qe2 Rde8 24. Qf1 Qe6 25. h4 Bb7 26. Rf4 Be4 27. Bc1 Rf6 28.
Qf2 Rg6 29. g3 Rf6 30. Qh2 g6 31. Ref1 Ref8 32. Kf2 h6 33. Ke1 Kg7 34. R4f2 Bd3
35. Rg1 h5 36. Rf4 R6f7 37. Qf2 a5 38. Qf3 Be4 39. Qe2 b5 40. Rf2 Rb7 41. Qd2
Rfb8 42. Bb2 Qd5 43. Rf4 b4 44. axb4 axb4 45. Kf2 b3 46. Ra1 Rd7 47. Kg1 Ra8 48.
Rff1 Rda7 49. Rxa7+ Rxa7 50. Ra1 Ra2 51. Rxa2 bxa2 52. Ba1 Bb1 53. Qg2 Qd7 54.
Qa8 Qc7 55. Kf2 Qe7 56. Qa6 Qf7 57. Qc6 Bd3 58. Qa6 Bb1 59. Qc6 Kh7 60. Qa6 Kh6
61. Qa8 Kh7 62. Qa6 Kg7 63. Qc6 Be4 64. Qa6 Bb7 65. Qxa2 Qd5 66. Qe2 Qg2+ 67.
Ke1 Qg1+ 68. Qf1 Qxe3+ 69. Kd1 Bf3+ 70. Kc2 Be4+ 71. Kb2 Qxg3 72. Qxc4 Qxh4 73.
Qe2 Qd8 74. c4 Qb6+ 75. Ka3 Qa5+ 76. Kb2 Qb4+ 0-1

[Event "37th World Junior Girls"]
[Site "New Delhi IND"]
[Date "2019.10.17"]
[Round "3.21"]
[White "Vlkova, Anezka"]
[Black "Munkhzul, Turmunkh"]
[Result "1-0"]
[BlackTitle "WIM"]
[WhiteElo "1972"]
[BlackElo "2332"]
[WhiteFideId "364339"]
[BlackFideId "4901878"]
[EventDate "2019.10.15"]

1. e4 c5 2. Nc3 Nc6 3. g3 g6 4. Bg2 Bg7 5. d3 d6 6. Nge2 e6 7. O-O Nge7 8. Bg5
h6 9. Be3 Nd4 10. Qd2 h5 11. Rab1 Nec6 12. a3 h4 13. b4 e5 14. Nd5 b6 15. c3
Nxe2+ 16. Qxe2 Be6 17. f4 hxg3 18. hxg3 exf4 19. Nxf4 Bd7 20. b5 Ne5 21. d4 Ng4
22. e5 g5 23. e6 O-O 24. Qxg4 gxf4 25. exd7 fxe3 26. Bxa8 Qxa8 27. Rf5 f6 28.
dxc5 bxc5 29. Rd1 Qb8 30. Qc4+ Rf7 31. Rxc5 Bf8 32. Rc8 Qb6 33. Rd4 e2 34. Kf2
d5 35. Qxd5 1-0

[Event "37th World Junior Girls"]
[Site "New Delhi IND"]
[Date "2019.10.17"]
[Round "3.23"]
[White "Pandey, Srishti"]
[Black "Ulziikhishigjargal, Ochirkhuyag"]
[Result "1/2-1/2"]
[BlackTitle "FM"]
[WhiteElo "1963"]
[BlackElo "2194"]
[WhiteFideId "35093290"]
[BlackFideId "4903188"]
[EventDate "2019.10.15"]

1. e4 e5 2. Nc3 Nf6 3. Bc4 Bc5 4. d3 Nc6 5. f4 exf4 6. Bxf4 d6 7. Nf3 Nd4 8. Qd2
Bg4 9. Nxd4 Bxd4 10. h3 Bd7 11. O-O-O Qe7 12. Bg5 Bxc3 13. bxc3 Be6 14. Bxf6
Qxf6 15. Rhf1 Qe7 16. Bxe6 Qxe6 17. c4 O-O 18. Rf5 g6 19. Rb5 b6 20. Qg5 a6 21.
Rb2 f5 22. exf5 Rxf5 23. Qd2 Raf8 24. c3 d5 25. cxd5 Qxd5 26. Qc2 Kg7 27. Qb3
Qe5 28. Rbd2 Rf2 29. Kc2 Qg5 30. Qc4 Qg3 31. Qe4 Qd6 32. Rxf2 Rxf2+ 33. Rd2 Rf4
34. Qe8 Rf8 35. Qe4 Rf4 36. Qe8 Qd5 37. Qe7+ Rf7 38. Qa3 a5 39. c4 Qe6 40. Qc3+
Kg8 41. Qd4 b5 42. Qe4 Qxe4 43. dxe4 bxc4 44. Kc3 Rf4 45. Re2 Kf7 46. Kxc4 Ke6
47. Kb5 Rf1 48. a4 Rb1+ 49. Kxa5 Ke5 50. Rc2 Kxe4 51. Rxc7 h5 52. Rc5 Kf4 53. h4
Kg3 54. Rb5 Ra1 55. Rb4 Kxg2 56. Kb6 Rf1 57. a5 Rf6+ 58. Kb7 Rf7+ 59. Kc8 g5 60.
hxg5 Rf5 61. a6 Rxg5 62. a7 Ra5 63. Kb7 Kg3 64. Rb3+ Kg2 65. Rb6 Rxa7+ 1/2-1/2

[Event "37th World Junior Girls"]
[Site "New Delhi IND"]
[Date "2019.10.17"]
[Round "3.25"]
[White "Aouachria, Marwa"]
[Black "Chitlange, Sakshi"]
[Result "1/2-1/2"]
[WhiteTitle "CM"]
[BlackTitle "WIM"]
[WhiteElo "1839"]
[BlackElo "2175"]
[WhiteFideId "7902751"]
[BlackFideId "35002899"]
[EventDate "2019.10.15"]

1. e4 d5 2. exd5 Qxd5 3. Nc3 Qd6 4. d4 Nf6 5. Nf3 c6 6. h3 Bf5 7. Bd3 Bxd3 8.
Qxd3 e6 9. Ne5 Be7 10. Bf4 Qd8 11. Rd1 Nbd7 12. Qf3 O-O 13. O-O Nd5 14. Nxd5
cxd5 15. c4 f6 16. Nxd7 Qxd7 17. cxd5 Qxd5 18. Qxd5 exd5 19. Rc1 Rac8 20. Rfd1
g5 21. Bc7 Kf7 22. Rc2 Ke6 23. Rdc1 Kd7 24. Kf1 Rfe8 25. g4 h5 26. Kg2 f5 27.
gxf5 Bf6 28. Bh2 Rc6 29. Rc5 Re4 30. Rxd5+ Ke7 31. Rxc6 bxc6 32. Ra5 Bxd4 33.
Kf3 Re1 34. Ra4 Rd1 35. Ke2 Rh1 36. Bg3 Bb6 37. h4 Kf6 38. Re4 gxh4 39. Rxh4
Rxh4 40. Bxh4+ Kxf5 41. Kf3 Ke5 42. Bg3+ Kd4 43. Bh4 Bc7 44. Bg5 a6 45. Bd2 Be5
46. Bc3+ Kd5 47. Bxe5 Kxe5 48. b4 Kf5 49. a3 h4 50. a4 Kg5 51. Kg2 Kg4 52. a5
Kh5 53. Kh3 Kg5 54. Kh2 Kf4 55. Kh3 Kg5 56. Kh2 Kg4 57. Kg2 h3+ 58. Kh2 Kf3 59.
Kxh3 Kxf2 60. Kg4 Ke3 61. Kf5 Kd4 62. Ke6 Kc4 63. Kd6 Kb5 64. Kc7 c5 65. bxc5
Kxc5 66. Kd7 Kb5 67. Kd6 Kxa5 68. Kc5 Ka4 69. Kc4 a5 70. Kc3 Ka3 71. Kc2 Ka2 72.
Kc1 a4 73. Kc2 a3 74. Kc1 Kb3 75. Kb1 a2+ 76. Ka1 1/2-1/2

[Event "37th World Junior Girls"]
[Site "New Delhi IND"]
[Date "2019.10.17"]
[Round "3.27"]
[White "Afraoui, Anaelle"]
[Black "Srimathi, R"]
[Result "1-0"]
[WhiteTitle "WFM"]
[WhiteElo "2106"]
[BlackElo "1914"]
[WhiteFideId "20654383"]
[BlackFideId "25065378"]
[EventDate "2019.10.15"]

1. e4 c5 2. Nf3 Nc6 3. d4 cxd4 4. Nxd4 g6 5. c4 Bg7 6. Be3 Nf6 7. Nc3 Ng4 8.
Qxg4 Nxd4 9. Qd1 Ne6 10. Qd2 Qa5 11. Be2 Bxc3 12. bxc3 Qe5 13. O-O g5 14. Bg4 h6
15. Bf5 d6 16. Rab1 Qg7 17. Bxe6 fxe6 18. c5 dxc5 19. Bxc5 b6 20. Be3 Bb7 21.
Rb4 Bc6 22. Rd1 O-O 23. h4 Kh7 24. hxg5 hxg5 25. Bxg5 Rad8 26. Rd4 Rxd4 27. cxd4
Bxe4 28. Re1 Rf5 29. f4 Bd5 30. Rc1 Rf7 31. Rc7 a6 32. a3 Qg6 33. Qe3 Qh5 34.
Qd3+ Qg6 35. Qh3+ Kg7 36. Qe3 Qb1+ 37. Kh2 Qh7+ 38. Kg3 Qh1 39. Qe5+ Kh7 40. Qe2
Kg7 41. Bh4 Kh6 42. Rc8 Rh7 43. Re8 Rg7+ 44. Bg5+ Kh7 45. Qc2+ Rg6 46. Rxe7+ Kh8
47. Qe2 Rg7 48. Re8+ Kh7 49. Qc2+ Rg6 50. Rf8 Qe1+ 51. Kh2 Qe4 52. Qxe4 Bxe4 53.
Rb8 b5 54. Rb6 e5 55. Rxg6 Kxg6 56. dxe5 Bf5 57. Kg3 Kh5 58. Bd8 Be6 59. Ba5 Bd7
60. Be1 Be6 61. Kf3 Bd5+ 62. Kf2 Kg4 63. g3 Be6 64. Ke3 Kf5 65. Kd4 Kg4 66. Kc5
Kf5 67. Kd6 Bc4 68. Bd2 Kg4 69. e6 Kf5 70. e7 Bf7 71. Kd7 Be6+ 72. Kd8 1-0